<?xml version="1.0" encoding="UTF-8"?>
<record
    xmlns:xsi="http://www.w3.org/2001/XMLSchema-instance"
    xsi:schemaLocation="http://www.loc.gov/MARC21/slim http://www.loc.gov/standards/marcxml/schema/MARC21slim.xsd"
    xmlns="http://www.loc.gov/MARC21/slim">

  <leader>00801nam a22002177a 4500</leader>
  <controlfield tag="005">20220222121731.0</controlfield>
  <controlfield tag="008">211117b           ||||| |||| 00| 0 eng d</controlfield>
  <datafield tag="020" ind1=" " ind2=" ">
    <subfield code="a">9788195274918</subfield>
  </datafield>
  <datafield tag="040" ind1=" " ind2=" ">
    <subfield code="c">AL</subfield>
  </datafield>
  <datafield tag="041" ind1=" " ind2=" ">
    <subfield code="a">Konkani</subfield>
  </datafield>
  <datafield tag="082" ind1=" " ind2=" ">
    <subfield code="2">23</subfield>
    <subfield code="a">891.8</subfield>
    <subfield code="b">SERK</subfield>
  </datafield>
  <datafield tag="100" ind1=" " ind2=" ">
    <subfield code="a">Ronald Seravo &#xCB0;&#xCCA;&#xCA8;&#xCBE;&#xCB2;&#xCCD;&#xCA1;&#xCCD; &#xCB8;&#xCC6;&#xCB0;&#xCBE;&#xCB5;&#xCCA; </subfield>
    <subfield code="9">21480</subfield>
  </datafield>
  <datafield tag="245" ind1=" " ind2=" ">
    <subfield code="a">Kurpe Jivithachi Zar:Devstutichi lekana</subfield>
    <subfield code="b">&#xC95;&#xCC1;&#xCB0;&#xCCD;&#xCAA;&#xCC6; &#xC9C;&#xCBF;&#xCB5;&#xCBF;&#xCA4;&#xCBE;&#xC9A;&#xCBF; &#xC9D;&#xCB0;&#xCCD;: &#xCA6;&#xCC7;&#xCB5;&#xCCD; &#xCB8;&#xCCD;&#xCA4;&#xCC1;&#xCA4;&#xCBF;&#xC9A;&#xCBF;o &#xCB2;&#xCC7;&#xC96;&#xCA8;&#xCBE;o </subfield>
  </datafield>
  <datafield tag="260" ind1=" " ind2=" ">
    <subfield code="a">Mangaluru</subfield>
    <subfield code="b">St Aloysius Prakashana</subfield>
    <subfield code="c">2021</subfield>
  </datafield>
  <datafield tag="300" ind1=" " ind2=" ">
    <subfield code="a">88 p.</subfield>
    <subfield code="b">PB</subfield>
    <subfield code="c">21x13 cm.</subfield>
  </datafield>
  <datafield tag="365" ind1=" " ind2=" ">
    <subfield code="c">&#x20B9;</subfield>
    <subfield code="d">&#x20B9;100</subfield>
  </datafield>
  <datafield tag="650" ind1=" " ind2=" ">
    <subfield code="a">Devstutichi lekana</subfield>
    <subfield code="9">10550</subfield>
  </datafield>
  <datafield tag="650" ind1=" " ind2=" ">
    <subfield code="a">&#xCA6;&#xCC7;&#xCB5;&#xCCD; &#xCB8;&#xCCD;&#xCA4;&#xCC1;&#xCA4;&#xCBF;&#xC9A;&#xCBF;o &#xCB2;&#xCC7;&#xC96;&#xCA8;&#xCBE;o </subfield>
    <subfield code="9">10551</subfield>
  </datafield>
  <datafield tag="700" ind1=" " ind2=" ">
    <subfield code="a">SERAVO (Ronald)</subfield>
    <subfield code="9">10552</subfield>
  </datafield>
  <datafield tag="942" ind1=" " ind2=" ">
    <subfield code="2">ddc</subfield>
    <subfield code="c">DB</subfield>
  </datafield>
  <datafield tag="999" ind1=" " ind2=" ">
    <subfield code="c">220650</subfield>
    <subfield code="d">220650</subfield>
  </datafield>
  <datafield tag="952" ind1=" " ind2=" ">
    <subfield code="0">0</subfield>
    <subfield code="1">0</subfield>
    <subfield code="2">ddc</subfield>
    <subfield code="4">0</subfield>
    <subfield code="7">0</subfield>
    <subfield code="8">KON</subfield>
    <subfield code="a">AL</subfield>
    <subfield code="b">AL</subfield>
    <subfield code="d">2021-11-16</subfield>
    <subfield code="l">0</subfield>
    <subfield code="o">891.468 SERK</subfield>
    <subfield code="p">D04766</subfield>
    <subfield code="r">2021-11-17 00:00:00</subfield>
    <subfield code="v">100.00</subfield>
    <subfield code="w">2021-11-17</subfield>
    <subfield code="y">DB</subfield>
    <subfield code="z">Donated by St Aloysius Prakashana</subfield>
  </datafield>
  <datafield tag="952" ind1=" " ind2=" ">
    <subfield code="0">0</subfield>
    <subfield code="1">0</subfield>
    <subfield code="2">ddc</subfield>
    <subfield code="4">0</subfield>
    <subfield code="7">0</subfield>
    <subfield code="8">KON</subfield>
    <subfield code="a">AL</subfield>
    <subfield code="b">AL</subfield>
    <subfield code="d">2021-11-16</subfield>
    <subfield code="l">0</subfield>
    <subfield code="o">891.468 SERK</subfield>
    <subfield code="p">D04767</subfield>
    <subfield code="r">2021-11-17 00:00:00</subfield>
    <subfield code="v">100.00</subfield>
    <subfield code="w">2021-11-17</subfield>
    <subfield code="y">DB</subfield>
    <subfield code="z">Donated by St Aloysius Prakashana</subfield>
  </datafield>
  <datafield tag="952" ind1=" " ind2=" ">
    <subfield code="0">0</subfield>
    <subfield code="1">0</subfield>
    <subfield code="2">ddc</subfield>
    <subfield code="4">0</subfield>
    <subfield code="7">0</subfield>
    <subfield code="8">KON</subfield>
    <subfield code="a">AL</subfield>
    <subfield code="b">AL</subfield>
    <subfield code="d">2021-11-16</subfield>
    <subfield code="l">0</subfield>
    <subfield code="o">891.468 SERK</subfield>
    <subfield code="p">D04768</subfield>
    <subfield code="r">2021-11-17 00:00:00</subfield>
    <subfield code="v">100.00</subfield>
    <subfield code="w">2021-11-17</subfield>
    <subfield code="y">DB</subfield>
    <subfield code="z">Donated by St Aloysius Prakashana</subfield>
  </datafield>
  <datafield tag="952" ind1=" " ind2=" ">
    <subfield code="0">0</subfield>
    <subfield code="1">0</subfield>
    <subfield code="2">ddc</subfield>
    <subfield code="4">0</subfield>
    <subfield code="7">0</subfield>
    <subfield code="8">KON</subfield>
    <subfield code="a">AL</subfield>
    <subfield code="b">AL</subfield>
    <subfield code="d">2021-11-16</subfield>
    <subfield code="l">0</subfield>
    <subfield code="o">891.468 SERK</subfield>
    <subfield code="p">D04769</subfield>
    <subfield code="r">2021-11-17 00:00:00</subfield>
    <subfield code="v">100.00</subfield>
    <subfield code="w">2021-11-17</subfield>
    <subfield code="y">DB</subfield>
    <subfield code="z">Donated by St Aloysius Prakashana</subfield>
  </datafield>
  <datafield tag="952" ind1=" " ind2=" ">
    <subfield code="0">0</subfield>
    <subfield code="1">0</subfield>
    <subfield code="2">ddc</subfield>
    <subfield code="4">0</subfield>
    <subfield code="7">0</subfield>
    <subfield code="8">KON</subfield>
    <subfield code="a">AL</subfield>
    <subfield code="b">AL</subfield>
    <subfield code="d">2021-11-16</subfield>
    <subfield code="l">0</subfield>
    <subfield code="o">891.468 SERK</subfield>
    <subfield code="p">D04770</subfield>
    <subfield code="r">2021-11-17 00:00:00</subfield>
    <subfield code="v">100.00</subfield>
    <subfield code="w">2021-11-17</subfield>
    <subfield code="y">DB</subfield>
    <subfield code="z">Donated by St Aloysius Prakashana</subfield>
  </datafield>
</record>
